Functional analysis / (Record no. 40059)

MARC details
000 -LEADER
fixed length control field 01523cam a2200313 a 4500
001 - CONTROL NUMBER
control field 2943618
005 - DATE AND TIME OF LATEST TRANSACTION
control field 20030814191116.0
008 - FIXED-LENGTH DATA ELEMENTS--GENERAL INFORMATION
fixed length control field 900227r19901955nyu b 001 0 eng
010 ## - LIBRARY OF CONGRESS CONTROL NUMBER
LC control number 90033977
020 ## - INTERNATIONAL STANDARD BOOK NUMBER
International Standard Book Number 0486662896 :
Terms of availability $11.95
040 ## - CATALOGING SOURCE
Original cataloging agency DLC
Transcribing agency DLC
Modifying agency DLC
041 1# - LANGUAGE CODE
Language code of text/sound track or separate title eng
Language code of original and/or intermediate translations of text fre
050 00 - LIBRARY OF CONGRESS CALL NUMBER
Classification number QA320
Item number .R54 1990
100 1# - MAIN ENTRY--PERSONAL NAME
Personal name Riesz, Frigyes,
Dates associated with a name 1880-1956.
240 10 - UNIFORM TITLE
Uniform title <a href="Leçons d'analyse fonctionelle.">Leçons d'analyse fonctionelle.</a>
Language of a work English
245 10 - TITLE STATEMENT
Title Functional analysis /
Statement of responsibility, etc Frigyes Riesz and Béla Sz.-Nagy ; translated from the 2nd French edition by Leo F. Boron.
250 ## - EDITION STATEMENT
Edition statement Dover ed.
260 ## - PUBLICATION, DISTRIBUTION, ETC. (IMPRINT)
Place of publication, distribution, etc New York :
Name of publisher, distributor, etc Dover Publications,
Date of publication, distribution, etc 1990.
300 ## - PHYSICAL DESCRIPTION
Extent xii, 504 p. ;
Dimensions 21 cm.
500 ## - GENERAL NOTE
General note Translation of: Leçons d'analyse fonctionelle.
500 ## - GENERAL NOTE
General note "An unabridged republication of the work first published by Frederick Ungar Publishing Co., New York, in 1955. The appendix, Extensions of linear transformations in Hilbert space which extend beyond this space, separately published by Ungar in 1960, has been added to this edition"--T.p. verso.
504 ## - BIBLIOGRAPHY, ETC. NOTE
Bibliography, etc Includes bibliographical references (p. 491) and index.
650 #0 - SUBJECT ADDED ENTRY--TOPICAL TERM
Topical term or geographic name as entry element Functional analysis.
700 2# - ADDED ENTRY--PERSONAL NAME
Personal name Sz-Nagy, Béla,
Dates associated with a name 1913-
906 ## - LOCAL DATA ELEMENT F, LDF (RLIN)
a 7
b cbc
c orignew
d 1
e ocip
f 19
g y-gencatlg
942 ## - ADDED ENTRY ELEMENTS (KOHA)
Source of classification or shelving scheme Library of Congress Classification
Item type Book
Holdings
Withdrawn status Lost status Source of classification or shelving scheme Damaged status Not for loan Collection code Home library Current library Shelving location Date acquired Source of acquisition Total Checkouts Full call number Barcode Copy number Price effective from Koha item type
    Library of Congress Classification     Non-fiction Bishop Okullu Memorial Library (Limuru Campus) Bishop Okullu Memorial Library (Limuru Campus) General Circulation 18/01/2012 donation   QA320 .R54 1990 029945 1 18/01/2012 Book